000
00305nam a2200097Ia 4500
082
_a
658.8|CONT
245
0
_a
Contemporary cases in southern African marketing
100
_a
ABRATT, Russell Claremont, South Africa, 2007 2nd ed.
_9
68656
942
_c
BK
008
210817s9999 xx 000 0 und d
999
_c
221857
_d
221856